000
00378nam a2200133Ia 4500
008
100328s9999 xx 000 0 und d
082
_b
60278
100
_a
पेठे प्रकाश
245
_a
स्वप्नगृह.
260
_b
गं्रथाली.
630
_a
स्वप्नगृह.
730
_a
स्वप्नगृह.
942
_c
BOOK
999
_c
546440
_d
546437